Регионална библиотека "Любен Каравелов" - Русе

Търговско и финансово право (Запис номер 9317)

MARC детайли
000 -Лидер
Контролно поле с фиксирана дължина 01469nam a2200349 c 4500
003 - Код на организацията, давaща контролен номер
Контролно поле BLK
005 - Дата и час на последна редакция
Контролно поле 20230328132402.0
008 - Елементи от данни с фиксирана дължина
fixed length control field 180412b bul|||||r ||||||| ||bul||
010 ## - Наследен системен номер
LC control number KNG00010729000
020 ## - Международен стандартен номер на книга ISBN
Международен стандартен номер на книга ISBN 954-689-007-3
-- издат.: ТедИна
040 ## - Източник на каталожния запис
Идентификатор на билиотеката - собственик на записа BLK
041 ## - Код за език
Код за езика на текст/звукозапис или на отделно заглавие Български
Код за езика КДБФ Български
080 ## - УДК
Текстов определител УДК Търговско право
УДК код - определител по УДК 347.7
УДК определител (075.8)
УДК - код + определител 347.7(075.8)
100 1# - Редна дума - Автор
Автор Големинов, Чудомир Христов
R(LIN) 363955
139 ## - Редно поле
Редна дума Търговско и финансово право
Авторски знак Тър - Т 96
245 10 - Сведения за заглавието
Заглавие Търговско и финансово право
Подзаглавни данни Учебник за студентите от ИУ - Варна
Редно поле (дума) Чудомир Христов Големинов.
257 ## - Страна на издаване
Страна на създаване/издаване България
260 ## - Област на издателските данни
-- Варна
Име на издателя, разпространителя и проч. ТедИна
Година на издаване 1995
300 ## - Физическа характеристика
Страници 383 с.
Размери/Мащаб 20 см
380 ## - Жанр
Жанр Обществени науки
500 ## - Общи забележки
Забележка Други авт.: Ив. Владимиров, П. Цанков, А. Симеонов, Н. Беронов, Р. Рачев, М. Бъчварова ; 2 030 тир
650 #4 - Допълнително описание по предмет – тема
Основно описание – тема или топоним Търговско право - учебници за ВУЗ
9 (RLIN) 251367
650 #4 - Допълнително описание по предмет – тема
Основно описание – тема или топоним Финансово право - учебници за ВУЗ
9 (RLIN) 254306
653 ## - Ключова дума – ненормативна
Ключова дума търговско право
653 ## - Ключова дума – ненормативна
Ключова дума финансово право
653 ## - Ключова дума – ненормативна
Ключова дума учебници за ВУЗ
852 ## - Местоположение
Форматна сигнатура Цб 184925
856 4# - Електронен адрес и достъп
Електронен формат pdf - файл
Път до файла /url/
856 4# - Електронен адрес и достъп
Електронен формат pdf - файл
Път до файла /url/
942 ## - АРТИКУЛИ
Вид на библиотечния материал Книги
Скрит в OPAC Не
Koha issues (borrowed), all copies 1
944 ## - СЪЗДАВАНЕ И РЕДАКЦИЯ на ЗАПИСА
Създаване/Редакция Създаване
Дата на регистрацията/редакция 15.01.2003
Служител, извършил регистрацията/редакцията Пенка_Димитрова
944 ## - СЪЗДАВАНЕ И РЕДАКЦИЯ на ЗАПИСА
Създаване/Редакция Редакция
Дата на регистрацията/редакция 01.07.2010
Служител, извършил регистрацията/редакцията
999 ## - СИСТЕМНИ КОНТРОЛНИ НОМЕРА
Koha biblionumber 9317
Koha biblioitemnumber 9317
Наличности
Код за отписване Код за изгубен артикул Източник на класификационната схема Код за повреда Коз за рестрикции Код за отдаване Артикулен № Име на библиотеката - собственик Име на библиотеката, в която се намира в момента Статус (Текущо местоположение) Дата на вписване в системата Местоположение - отдел Цена в лева Инвентарен номер Систематично азбучна сигнатура Баркод Номер на екземпляра Цена в евро Служебна бележка Служебен тип на артикула
Изтеглен Не е изгубен Universal Decimal Classification Не е повреден без рестрикции заемане за дома 16170 Регионална библиотека "Любен Каравелов" Русе Регионална библиотека "Любен Каравелов" Русе Заемна - подръчен фонд 2001-01-01 Заемна - подръчен фонд 1.80 617672 П 347/Т 96 617672 1 0.92 Дост: Pk Вид: Ф N: стар фонд Дата: 01.01.2001 Дата инв: 07.02.2018 Бележки инв: П2018 Книги
Изтеглен Не е изгубен Universal Decimal Classification Не е повреден без рестрикции заемане за дома 16171 Регионална библиотека "Любен Каравелов" Русе Регионална библиотека "Любен Каравелов" Русе Заемна - подръчен фонд 2001-01-01 Заемна - подръчен фонд 1.80 619286 П 347/Т 96 619286 2 0.92 Дост: Pk Вид: Ф N: стар фонд Дата: 01.01.2001 Дата инв: 07.02.2018 Бележки инв: П2018 Книги
  Не е изгубен Universal Decimal Classification Не е повреден без рестрикции ползва се в читалня 16172 Регионална библиотека "Любен Каравелов" Русе Регионална библиотека "Любен Каравелов" Русе Хранилище 2001-01-01 Хранилище 1.20 619743 Цб 184925 120000619743 3 0.61 Дост: Dp Вид: Д N: стар фонд Дата: 01.01.2001 Книги
Vip Innovations Ltd, Rousse, Bulgaria 2025